| 000 | 00778nam a22002177a 4500 | ||
|---|---|---|---|
| 005 | 20240530110559.0 | ||
| 008 | 160904s2011 ua g 000 0 ara d | ||
| 017 |
_a2011/3748 _bمصر . دار الكتب المصرية |
||
| 020 | _a9789773201672 | ||
| 040 | _aEG-CaGPL | ||
| 082 | 0 | 4 |
_221 _a962.08 _bق/ح ص |
| 100 | 0 | _aحسن أبو طالب . | |
| 245 | 1 | 0 |
_aصراع على روح مصر / _cحسن أبو طالب . |
| 250 | _aط1. | ||
| 260 |
_aالقاهرة : _bمركز الاهرام للنشر والترجمة والتوزيع ، _c2011 . |
||
| 300 |
_a312 ص ؛ _c24 سم . |
||
| 650 | 0 | 4 |
_aمصر _xتاريخ _yحسنى مبارك |
| 651 | 0 | 4 |
_aمصر _vمقالات و محاضرات . |
| 942 |
_2ddc _cBK |
||
| 999 |
_c62637 _d62637 |
||